000 00905nam a2200289 a 4500
999 _c21735
_d21735
001 1667105
003 BDDh-ASL
005 20231015030032.0
008 971211s1997 ii ab b 000 0 eng
010 _a 97905324
020 _a8185693374
025 _aI-E-97-905324; 56-11
040 _aDLC
_cDLC
_dBDDh-ASL
042 _alcode
043 _aa-np---
050 0 0 _aDS494.5
_b.P36 1997
082 _a954.96
_bPAM
100 1 _aPandey, Ram Niwas.
245 1 0 _aMaking of modern Nepal :
_ba study of history, art, and culture of the principalities of western Nepal /
_cRam Niwas Pandey.
260 _aNew Delhi :
_bNirala Publications,
_c1997.
300 _a811 p. :
_bill., maps ;
_c23 cm.
504 _aIncludes bibliographical references (p. [787]-798).
651 0 _aNepal
_xHistory.
906 _a7
_bcbc
_corigode
_d3
_encip
_f19
_gy-gencatlg
942 _2ddc
_cBK